Statistics for Brawl Stars Chromatics by Brawl Pass Season

Click here to take the quiz!

General Stats

  • This quiz has been taken 18 times
    (17 since last reset)
  • The average score is 19 of 21

Answer Stats

HintAnswer% Correct
The StuntshowJanet
100%
Summer of MonstersSurge
100%
Once Upon a BrawlAsh
93%
The Goldarm GangBelle
93%
Bizarre CircusCharlie
93%
Welcome to Starr ParkColette
93%
Year of the TigerFang
93%
Tara's BazaarGale
93%
CandylandMandy
93%
The Deep Sea BrawlOtis
93%
Mystery at the HubR-T
93%
Robot FactorySam
93%
Jurassic SplashBuzz
87%
Enchanted WoodsCordelius
87%
BiodomeEve
87%
BrawlywoodLola
87%
Holiday GetawayLou
87%
Ghost StationBuster
73%
The Starr ForceColonel Ruffs
73%
The RescueMaisie
73%
Back to Ranger RanchPearl
73%

Score Distribution

Percentile by Number Answered

Percent of People with Each Score

Your Score History

You have not taken this quiz since the last reset